00906nam a2200229Ia 4500003000900000008004100009020002200050040001600072080002200088111006200110245015100172260006100323300002300384490006600407650003800473650003900511650003500550700002500585700001900610700002300629700002400652IN-BaIIA211028s9999 xx 000 0 eng d a978-1-58381-862-6 cIIA Library a082.2:52bASP-489 aWorkshop on Solar Polarizationn7thcKunming, Chinad2013 0aSolar polarization 7bproceedings of workshop held in Expo garden hotel, Kunming, China, September 9-13, 2013cedited by K. N. Nagendra…[et al.] aSan FranciscobAstronomical Society of the Pacificc2014 a[various pagings.] aAstronomical Society of the Pacific conference series; v. 489 aPolarization (Light) - congresses aSolar magnetic fields - congresses aSolar polarimetry - congresses aNagendra, K. N., ed. aQu, Z. Q., ed. aSampoorna, M., ed. aStenflo, J. O., ed.